LEADER 00805nam0-22003011i-450- 001 990005641070403321 005 20061207133412.0 010 $a0289706157 035 $a000564107 035 $aFED01000564107 035 $a(Aleph)000564107FED01 035 $a000564107 100 $a19990604d1977----km-y0itay50------ba 101 0 $aeng 105 $aa-------00--- 200 1 $aOdilon Redon$fRichard Hobbs 210 $aLondon$cStudio Vista$d1977 215 $a192 p.$cill.$d29 cm 610 0 $aRedon, Odilon$aOpere$aCatalogo 676 $a759.4$v21$zita 700 1$aHobbs,$bRichard$0217497 801 0$aIT$bUNINA$gRICA$2UNIMARC 901 $aBK 912 $a990005641070403321 952 $a759.4 RED 1$bST. ARTE 14534$fFLFBC 959 $aFLFBC 996 $aOdilon Redon$9604974 997 $aUNINA LEADER 02010cam0-22006731i-450 001 990004349780403321 005 20190211120107.0 035 $a000434978 035 $aFED01000434978 035 $a(Aleph)000434978FED01 035 $a000434978 100 $a19990604d1976----km-y0itay50------ba 101 0 $aita 102 $aIT 105 $aab--ac--001yy 200 1 $aStoria del territorio e delle cittą d'Italia$edal 1800 ai giorni nostri$fCesare e Augusto Mercandino 210 $aMilano$cGabriele Mazzotta Editore$d1976 215 $a394 p.$cill.$d24 cm 225 1 $aPlanning and design$v21 610 0 $aUrbanistica$aItalia$aSec. 19. 610 0 $aCittą$aSistemazione urbanistica$aStoria 610 0 $aItalia Economica 610 0 $aCittą$aItalia$aStoria$aSec. 19.- 20. 610 0 $aTerritorio$aItalia$aStoria$aSec. 19.- 20. 676 $a711.0945$v21$zita 676 $a074.002 676 $a711 700 1$aMercandino,$bCesare$011641 701 1$aMercandino,$bAugusto$011642 801 0$aIT$bUNINA$gRICA$2UNIMARC 901 $aBK 912 $a990004349780403321 952 $aDPR 39-86$b7892$fDEC 952 $a711.09$bI.st.r.c.1940$fFLFBC 952 $a01 C I 28$b02845$fDINST 952 $a074.002.MER$b1771$fDECGE 952 $a01 ST 131$b3613$fDINST 952 $aCOLLEZ. 212 (21)$b3022$fFSPBC 952 $aE'-06-081$bIst. 10794$fILFGE 952 $a12 MTD 271$bMTD 1929/291$fDARPU 952 $aRGT 1708$b2016$fDARPU 952 $a01 DB 2108.2$b4454$fDINST 952 $a01 DB 2108$b04109$fDINST 952 $aSE 029.07.29-$b3648$fDECSE 952 $a051008$b2348$fDCATA 952 $a18.249$b7623$fDARST 952 $a18.209$b6819$fDARST 959 $aDEC 959 $aFLFBC 959 $aDECGE 959 $aDINST 959 $aFSPBC 959 $aILFGE 959 $aDARPU 959 $aDECSE 959 $aDCATA 959 $aDARST 996 $aStoria del territorio e delle cittą d'Italia$9486320 997 $aUNINA